[Event "Spring Open"]
[Site "Belgrade SRB"]
[Date "2009.03.30"]
[Round "8"]
[White "Tomin,Ks"]
[Black "Petrovic,MilanM"]
[Result "1-0"]
[WhiteElo "1742"]
[BlackElo "1981"]

1.e4 c5 2.Nf3 Nc6 3.Bb5 Qb6 4.Nc3 e6 5.Bxc6 bxc6 6.d3 Nf6 7.O-O Be7 8.b3 d5
9.Qe1 Ba6 10.Kh1 c4 11.bxc4 dxc4 12.d4 O-O 13.Bg5 h6 14.Bh4 g5 15.Bg3 Bb4
16.Ne5 Rac8 17.Qe3 Bxc3 18.Qxc3 Nxe4 19.Qe3 Nxg3+ 20.fxg3 Qd8 21.Ng4 Kg7
22.Nf6 Rh8 23.Qe5 Kf8 24.Nd7+ Ke7 25.Nc5 Rf8 26.Nxa6 f6 27.Qe3 Qd5 28.Nc5 Kf7
29.Rac1 Rc7 30.c3 Re7 31.Rf2 e5 32.Re1 Rfe8 33.Ref1 exd4 34.Rxf6+ Kg7 35.Qxd4 Qxd4
36.cxd4 c3 37.Rxc6 Re1 38.Kg1 c2 39.Nb3 R1e2 40.d5 Rd8 41.Nd4  1-0

[Event "Genset Cup"]
[Site "Szombathely HUN"]
[Date "2009.04.02"]
[Round "8"]
[White "Rachela,M"]
[Black "Buzeti,J"]
[Result "1-0"]
[WhiteElo "2380"]
[BlackElo "2199"]

1.e4 c5 2.Nf3 Nc6 3.Bb5 Nf6 4.Nc3 Qc7 5.O-O Nd4 6.Re1 a6 7.Bf1 Ng4 8.g3 Nxf3+
9.Qxf3 Ne5 10.Qd1 e6 11.d3 d6 12.Bg2 Be7 13.Ne2 O-O 14.a4 b6 15.c4 Bb7 16.b3 Rfd8
17.Bb2 Bf6 18.Qd2 Nd7 19.d4 Nf8 20.Qe3 Rab8 21.Rad1 Bc8 22.Bc3 Be7 23.f4 b5
24.axb5 axb5 25.Ra1 b4 26.Bb2 Bb7 27.Rad1 h6 28.Nc1 Nd7 29.Nd3 Bf8 30.Rd2 Ba8
31.Red1 cxd4 32.Bxd4 Nc5 33.Nxc5 dxc5 34.Be5 Rxd2 35.Qxd2 Qc8 36.Bxb8 Qxb8
37.Qd7 Bb7 38.Ra1  1-0

[Event "10th TCh-RUS w"]
[Site "Dagomys RUS"]
[Date "2009.04.04"]
[Round "3"]
[White "Xu Yuhua"]
[Black "Iljushina,O"]
[Result "1-0"]
[WhiteElo "2479"]
[BlackElo "2329"]

1.e4 c5 2.Nf3 Nc6 3.Bb5 g6 4.Bxc6 dxc6 5.d3 Bg7 6.Nbd2 Nf6 7.a4 a5 8.O-O O-O
9.h3 Ne8 10.Re1 e5 11.Nc4 f6 12.Be3 b6 13.b4 axb4 14.a5 bxa5 15.Bxc5 Be6
16.Bxf8 Bxf8 17.Ra4 Nd6 18.Nxd6 Bxd6 19.d4 Bc4 20.dxe5 fxe5 21.Qd2 Bc7 22.Qh6 c5
23.h4 Bb5 24.Raa1 c4 25.h5 Ra6 26.Qe3 Qe7 27.Red1 a4 28.Qe2 b3 29.cxb3 axb3
30.Rxa6 Bxa6 31.h6 Bb5 32.Qd2 Qc5 33.Qc3 Be8 34.Nd2 Bb6 35.Kh2 Bf7 36.Ra1 Qb5
37.Ra8+ Be8 38.Qxc4+ Qxc4 39.Nxc4 Kf7 40.Rb8 Bc5 41.Rxb3 Kf6 42.Rb7 g5 43.Rxh7 Bg6
44.Rc7  1-0

[Event "10th TCh-RUS w"]
[Site "Dagomys RUS"]
[Date "2009.04.08"]
[Round "6"]
[White "Kovanova,B"]
[Black "Gunina,V"]
[Result "1-0"]
[WhiteElo "2398"]
[BlackElo "2411"]

1.e4 c5 2.Nf3 Nc6 3.Bb5 g6 4.O-O Bg7 5.Bxc6 bxc6 6.Nc3 Nf6 7.d3 O-O 8.Be3 d6
9.h3 Ba6 10.Qd2 d5 11.exd5 Nxd5 12.Bxc5 Rb8 13.Bd4 f6 14.Rab1 Qc7 15.Rfe1 e5
16.Bc5 Rfe8 17.d4 Rbd8 18.dxe5 fxe5 19.Ne4 h6 20.Rbd1 Nf4 21.Bd6 Qf7 22.Qe3 g5
23.b3 Rd7 24.Nc5 Nd5 25.Rxd5 cxd5 26.Nxd7 d4 27.Ndxe5 Bxe5 28.Nxe5 dxe3 29.Nxf7 Kxf7
30.fxe3 Rd8 31.Bb4 Rb8 32.Bc5 Rc8 33.b4 Rd8 34.Bd4 Bc4 35.a4 a6 36.c3 Ke6
37.e4 Rf8 38.e5 Rf4 39.Rb1 Re4 40.Rb2 Re2 41.Rxe2 Bxe2 42.Kf2 Bd1 43.b5 a5
44.b6 Kd7 45.e6+ Kc8 46.c4 h5 47.Ke3 Bxa4 48.Bc3 Kb7 49.Bxa5 Bc6 50.e7 Kc8
51.g3 Kd7 52.Bb4 Bb7 53.h4 gxh4 54.gxh4 Ba6 55.Kf4 Bb7 56.Kg5 Bf3 57.Kf6 Ke8
58.Ke6  1-0

[Event "11th European Senior Team"]
[Site "Velden AUT"]
[Date "2009.04.09"]
[Round "5"]
[White "Watzka,H"]
[Black "Winiwarter,F"]
[Result "1/2-1/2"]
[WhiteElo "2324"]
[BlackElo "2220"]

1.e4 c5 2.Nf3 Nc6 3.Bb5 e6 4.O-O Nge7 5.c3 a6 6.Ba4 b5 7.Bc2 Ng6 8.d4 d6
9.a4 Rb8 10.axb5 axb5 11.Be3 Be7 12.Qe2 O-O 13.h3 Qc7 14.Rc1 Bd7 15.Nbd2 Rfe8  1/2-1/2

[Event "11th European Senior Team"]
[Site "Velden AUT"]
[Date "2009.04.09"]
[Round "5"]
[White "Vasiukov,E"]
[Black "Danner,G"]
[Result "1/2-1/2"]
[WhiteElo "2482"]
[BlackElo "2445"]

1.e4 c5 2.Nf3 Nc6 3.Bb5 Nf6 4.Qe2 Qc7 5.c3 a6 6.Ba4 b5 7.Bc2 d6 8.h3 g6 9.O-O Bg7
10.d4 e5 11.a4 Rb8 12.axb5 axb5 13.d5 Ne7 14.Na3 Bd7 15.Rd1 O-O 16.Nxe5 dxe5
17.d6 Qc6 18.dxe7 Rfe8 19.c4 bxc4 20.Nxc4 Rxe7 21.Ra7 Bg4 22.hxg4 Rxa7 23.Nxe5 Qe6
24.f4 h5 25.g5 Ng4 26.Nxg4 Qxg4 27.Qxg4 hxg4 28.e5  1/2-1/2

[Event "11th European Senior Team"]
[Site "Velden AUT"]
[Date "2009.04.09"]
[Round "5"]
[White "James,GH"]
[Black "Baumbach,F"]
[Result "1/2-1/2"]
[WhiteElo "2199"]
[BlackElo "2280"]

1.e4 c5 2.Nf3 Nc6 3.Bb5 g6 4.O-O Bg7 5.Nc3 Nd4 6.Bc4 d6 7.Nxd4 cxd4 8.Ne2 e6
9.d3 Ne7 10.Bg5 Qc7 11.Qd2 h6 12.Bh4 O-O 13.Bb3 Nc6 14.f4 Bd7 15.a3 Rac8
16.Rac1 Kh7 17.Bf2 f5 18.exf5 gxf5 19.Ng3 Rce8 20.Rce1 Qa5 21.Qd1 Qb6 22.Qc1 e5
23.Bd5 Be6 24.Bxe6 Rxe6 25.Re2 Qb5 26.Be1 Ne7 27.fxe5 dxe5 28.Bb4 f4 29.Bxe7 Rxe7
30.Ne4 Qd5  1/2-1/2

[Event "FSGM April"]
[Site "Budapest HUN"]
[Date "2009.04.10"]
[Round "7"]
[White "Heinz,A"]
[Black "Csirik,A"]
[Result "1-0"]
[WhiteElo "2398"]
[BlackElo "2302"]

1.e4 c5 2.Nf3 Nc6 3.Bb5 Nf6 4.Bxc6 dxc6 5.d3 Bg4 6.Nbd2 Nd7 7.h3 Bh5 8.g4 Bg6
9.Nc4 f6 10.Qe2 e5 11.Bd2 Be7 12.Nh4 Bf7 13.Nf5 Bxc4 14.dxc4 g6 15.Ng3 Qc7
16.h4 Nf8 17.h5 Rg8 18.hxg6 hxg6 19.O-O-O O-O-O 20.Be3 Rxd1+ 21.Rxd1 Qa5
22.a3 Ne6 23.g5 Rd8 24.Qg4 Rxd1+ 25.Kxd1 Qd8+ 26.Kc1 Qg8 27.gxf6 Bxf6 28.Bxc5 b6
29.Be3 Kc7 30.Kb1 Be7 31.b4 c5 32.c3 cxb4 33.axb4 a5 34.Qd1 Qd8 35.Qd5 Qd6
36.bxa5 bxa5 37.Qxa5+ Kc8 38.Kc2 Nf4 39.Qa8+ Kc7 40.Qa7+ Kc8 41.Bxf4 exf4
42.Ne2 g5 43.Nd4 Bf6 44.c5 Qe5 45.Qa8+ Kc7 46.Nb5+ Kd7 47.c6+ Ke6 48.Qg8+  1-0

[Event "16th TCh-RUS HL"]
[Site "Dagomys RUS"]
[Date "2009.04.10"]
[Round "9"]
[White "Nikolenko,O"]
[Black "Gasanov,E"]
[Result "0-1"]
[WhiteElo "2524"]
[BlackElo "2551"]

1.e4 c5 2.Nf3 Nc6 3.Bb5 d6 4.O-O Bd7 5.Re1 Nf6 6.c3 a6 7.Bxc6 Bxc6 8.d4 Bxe4
9.Bg5 Bd5 10.Nbd2 e6 11.c4 Bxf3 12.Qxf3 cxd4 13.Bxf6 gxf6 14.Qxb7 Rb8 15.Qc6+ Qd7
16.Qe4 f5 17.Qxd4 Rg8 18.Nb3 Qc6 19.g3 Bg7 20.Qh4 Kf8 21.Rac1 Bxb2 22.Rb1 Rg4
23.Qxh7 Bg7 24.Nd2 Rc8 25.Rb3 Rd4 26.Nf3 Rxc4 27.Ng5 Rc1 28.Re3 Rxe1+ 29.Rxe1 Qc3
30.Rd1 Qf6 31.Qh5 Ke7 32.Qf3 Rd8 33.h4 Bh6 34.Qe3 Rd7 35.Rb1 Qe5 36.Qxe5 dxe5
37.Rb6 Bxg5 38.hxg5 Rd6 39.Rb7+ Kf8 40.Ra7 Kg7 41.Kf1 Kg6 42.Ke2 e4 43.a4 Kxg5
44.a5 Kf6 45.Ke3 Ke5 46.Rxf7 Rd3+ 47.Ke2 Ra3 48.g4 Kf4  0-1

[Event "11th European Senior Team"]
[Site "Velden AUT"]
[Date "2009.04.10"]
[Round "6"]
[White "Roth,Pe"]
[Black "Glauser,H"]
[Result "0-1"]
[WhiteElo "2219"]
[BlackElo "2174"]

1.e4 c5 2.Nf3 Nc6 3.Bb5 Nf6 4.Nc3 Qc7 5.O-O Nd4 6.d3 a6 7.Bc4 e6 8.Nxd4 cxd4
9.Ne2 b5 10.Bb3 Bc5 11.Bf4 d6 12.c3 dxc3 13.Nxc3 Bb7 14.Rc1 Qd7 15.Bg3 Bd4
16.Rc2 O-O 17.Kh1 Rfc8 18.f4 Rc7 19.Ne2 Rxc2 20.Qxc2 Bb6 21.f5 exf5 22.Rxf5 d5
23.Rf1 dxe4 24.d4 Bd5 25.Qd2 Bxb3 26.axb3 Nd5 27.Bf2 h6 28.Be3 Rd8 29.Rd1 Qe6
30.Rc1 Bc7 31.g3 h5 32.Kg2 b4 33.Bg1 Re8 34.Qg5 g6 35.Be3 Bd8 36.Qh6 Bf6
37.h3 Bg7 38.Qg5 f6 39.Qxg6 Nxe3+  0-1

[Event "11th European Senior Team"]
[Site "Velden AUT"]
[Date "2009.04.10"]
[Round "6"]
[White "Bukacek,E"]
[Black "Oud,N"]
[Result "1/2-1/2"]
[WhiteElo "2211"]
[BlackElo "2022"]

1.e4 c5 2.Nf3 Nc6 3.Bb5 Nf6 4.d3 g6 5.O-O Bg7 6.Re1 O-O 7.c3 a6 8.Ba4 b5
9.Bc2 Bb7 10.h3 d6 11.Bg5 Qc7 12.Qd2 Rfe8 13.Bh6 Bh8 14.Qf4 e5 15.Qe3 Ne7
16.c4 b4 17.Nbd2 Bc6 18.Bd1 Nd7 19.g4 Nf8 20.Nh4 Ne6 21.Ng2 Bg7 22.Rf1 f6
23.Bxg7 Kxg7 24.f4 exf4 25.Nxf4 Nxf4 26.Qxf4 Rf8 27.Nf3  1/2-1/2

[Event "ArcelorMittal Open"]
[Site "Frydek Mistek CZE"]
[Date "2009.04.11"]
[Round "6"]
[White "Nguyen,Dinh"]
[Black "Urbanski,G"]
[Result "1/2-1/2"]
[WhiteElo "2032"]
[BlackElo "2201"]

1.e4 c5 2.Nf3 Nc6 3.Bb5 Nf6 4.Nc3 Nd4 5.e5 Nxb5 6.Nxb5 Nd5 7.Ng5 f6 8.Qh5+ g6
9.Qf3 fxg5 10.Qxd5 e6 11.Qf3 a6 12.Nd6+ Bxd6 13.exd6 Rf8 14.Qg3 b6 15.d3 Qf6
16.Bxg5 Qxb2 17.O-O Rb8 18.Rae1 Bb7 19.Qh3 Rf7 20.Rxe6+ dxe6 21.Qxe6+ Kf8
22.d7 Kg7 23.d8=Q Rxd8 24.Bxd8 Qxc2 25.Bxb6 Qxd3 26.Bxc5 Qd5  1/2-1/2

[Event "ch-MGL"]
[Site "Ulan Bator MGL"]
[Date "2009.04.11"]
[Round "1"]
[White "Byambaa,Z"]
[Black "Lhagva,J"]
[Result "1-0"]
[WhiteElo "2272"]
[BlackElo "2213"]

1.e4 c5 2.Nf3 Nc6 3.Bb5 g6 4.O-O Bg7 5.Nc3 Nf6 6.e5 Ng4 7.Bxc6 dxc6 8.Re1 O-O
9.d3 Nh6 10.h3 Nf5 11.Bf4 h6 12.Ne4 b6 13.c3 g5 14.Bh2 e6 15.g4 Ne7 16.h4 gxh4
17.g5 Ng6 18.gxh6 Bxh6 19.Nf6+ Kg7 20.c4 Rh8 21.Re4 Kf8 22.Nxh4 Ne7 23.Bf4 Ng8
24.Bxh6+ Rxh6 25.Nxg8 Kxg8 26.Qg4+ Kf8 27.Rf4 a5 28.Re1 Ra7 29.Re3 Qxh4 30.Qxh4 Rxh4
31.Rxh4 Bd7 32.Kf1 Be8 33.Ke2  1-0

[Event "ARCIMPEX Cup"]
[Site "Frydek Mistek CZE"]
[Date "2009.04.12"]
[Round "8"]
[White "Mazur,S"]
[Black "Havlikova,K"]
[Result "0-1"]
[WhiteElo "2373"]
[BlackElo "2141"]

1.e4 c5 2.Nf3 Nc6 3.Bb5 g6 4.Bxc6 dxc6 5.h3 Bg7 6.d3 b6 7.Nc3 e5 8.Be3 Ne7
9.Qd2 h6 10.Nh2 Be6 11.f4 exf4 12.Bxf4 g5 13.Be3 f5 14.O-O-O Qd7 15.d4 f4
16.Bf2 cxd4 17.Bxd4 Bxd4 18.Qxd4 Qxd4 19.Rxd4 Rd8 20.Rhd1 Rxd4 21.Rxd4 Ng6
22.Nf3 Ke7 23.Ra4 a5 24.b4 Ra8 25.bxa5 b5 26.Rd4 Rxa5 27.e5 Ra7 28.Ne4 Bd5
29.Nd6 Ke6 30.Nc8 Rxa2 31.Nb6 Bxf3 32.gxf3 Nxe5 33.Nc8 Nxf3 34.Rd6+ Ke5 35.Rxh6 Nd4
36.Kb1 Rxc2 37.Rg6 Rg2 38.h4 f3  0-1

[Event "XXVII Open"]
[Site "Metz FRA"]
[Date "2009.04.13"]
[Round "4"]
[White "David,Alb"]
[Black "Nijboer,F"]
[Result "1/2-1/2"]
[WhiteElo "2587"]
[BlackElo "2562"]

1.e4 c5 2.Nf3 Nc6 3.Bb5 d6 4.O-O Bd7 5.Re1 Nf6 6.c3 a6 7.Bf1 Bg4 8.d3 e6
9.Nbd2 Be7 10.h3 Bh5 11.g4 Bg6 12.Nh4 Nd7 13.Nxg6 hxg6 14.f4 Bh4 15.Re3 g5
16.f5 Nde5 17.Nb3 exf5 18.exf5 O-O 19.d4 cxd4 20.cxd4 Nd7 21.Nd2 Nxd4 22.Nc4 d5
23.Qxd4 dxc4 24.Bxc4 Rc8 25.Rd3 Qf6  1/2-1/2

[Event "XXVII Open"]
[Site "Metz FRA"]
[Date "2009.04.14"]
[Round "6"]
[White "Bauer,Ch"]
[Black "Nijboer,F"]
[Result "1/2-1/2"]
[WhiteElo "2605"]
[BlackElo "2562"]

1.e4 c5 2.Nf3 Nc6 3.Bb5 d6 4.O-O Bd7 5.Re1 Nf6 6.h3 a6 7.Bf1 e5 8.c3 Be7
9.d4 O-O 10.d5 Na7 11.a4 b5 12.axb5 Nxb5 13.Nbd2 Kh8 14.Nc4 Ng8 15.Na5 Qc7
16.Bc4 Bf6 17.Qd3 Ne7 18.b4 Ng6 19.Nc6 cxb4 20.cxb4 Bxc6 21.dxc6 Ne7 22.Bg5 Qxc6
23.Rec1 Qb6 24.Bxf6 gxf6 25.Bxb5 axb5 26.Ra5 Rab8 27.Nh4 d5 28.exd5 Qd6 29.Rc5 Rg8
30.Ra7 Ra8 31.Rxa8 Rxa8 32.g3 f5 33.Nxf5 Qg6 34.g4 Nxf5 35.Qxf5 Qxf5 36.gxf5 Kg7
37.d6 Kf6 38.f4 Kxf5 39.fxe5 f6 40.exf6+ Kxf6 41.Rxb5 Ke6 42.Kf2 Ra3 43.Rh5 Rb3
44.Rh6+ Kd7 45.Rxh7+ Kxd6 46.Rh6+ Kc7 47.Rh4 Kc6 48.Rh6+ Kd7 49.h4 Rxb4 50.Kg3 Ke7
51.Rg6 Kf7 52.h5 Rb8 53.Kg4 Rg8 54.Kf5 Rxg6 55.hxg6+ Kg7 56.Kg5 Kg8 57.Kf6 Kf8
58.g7+ Kg8  1/2-1/2

[Event "Sydney International Open"]
[Site "Parramatta AUS"]
[Date "2009.04.15"]
[Round "1"]
[White "Forster,W"]
[Black "Mahmud,S"]
[Result "0-1"]
[WhiteElo "1963"]
[BlackElo "2373"]

1.e4 c5 2.Nf3 Nc6 3.Bb5 g6 4.Bxc6 dxc6 5.d3 Bg7 6.Nc3 e5 7.Be3 Qe7 8.h3 Nf6
9.Qd2 h6 10.O-O-O Nd7 11.Nh2 b6 12.f4 Ba6 13.fxe5 O-O-O 14.Qf2 Nxe5 15.Rhf1 Rd7
16.Rd2 Rhd8 17.Nd1 Bxd3 18.cxd3 Nxd3+ 19.Rxd3 Rxd3 20.Ng4 h5 21.Nh6 Qxe4
22.Nxf7 Qc4+ 23.Qc2 Rxd1+ 24.Rxd1 Rxd1+ 25.Kxd1 Qxf7 26.Qe2 Qxa2 27.Bc1 Kd7  0-1

[Event "ch-MGL"]
[Site "Ulan Bator MGL"]
[Date "2009.04.17"]
[Round "11"]
[White "Khatanbaatar,B"]
[Black "Lhagva,J"]
[Result "1-0"]
[WhiteElo "2403"]
[BlackElo "2213"]

1.e4 c5 2.Nf3 Nc6 3.Bb5 g6 4.Bxc6 dxc6 5.d3 Bg7 6.h3 e5 7.O-O Ne7 8.Be3 b6
9.Qd2 h6 10.a4 a5 11.Na3 Be6 12.Rfe1 Qc7 13.c3 Rd8 14.Qc2 O-O 15.Rad1 Rd7
16.d4 cxd4 17.cxd4 exd4 18.Nxd4 Bxd4 19.Rxd4 Rxd4 20.Bxd4 c5 21.Nb5 Qf4 22.Be3 Qh4
23.Qd2 Nc6 24.Qd6 Rc8 25.Nc7 Qd8 26.Qxd8+ Rxd8 27.Nb5 g5 28.f4 f6 29.h4 gxh4
30.Bf2 Rd2 31.Bxh4 Kf7 32.Nc3 Rxb2 33.f5 Bb3 34.Re3 Ne5 35.Bg3 Rd2 36.Bxe5 fxe5
37.Rh3 Rd6 38.Kh2 Kg7 39.Nb5  1-0

[Event "TCh-HUN 2008-9"]
[Site "Budapest HUN"]
[Date "2009.04.18"]
[Round "11"]
[White "Kiss,At"]
[Black "Feher,G"]
[Result "1/2-1/2"]
[WhiteElo "2369"]
[BlackElo "2368"]

1.e4 c5 2.Nf3 Nc6 3.Bb5 g6 4.O-O Bg7 5.Re1 Nf6 6.e5 Nd5 7.Nc3 Nc7 8.Bxc6 dxc6
9.h3 O-O 10.b3 Ne6 11.Bb2  1/2-1/2

[Event "11th Open St-Quentin en Yvelines"]
[Site "Elancourt FRA"]
[Date "2009.04.18"]
[Round "1"]
[White "Lebrun,X"]
[Black "De Lagontrie,J"]
[Result "1-0"]
[WhiteElo "2210"]
[BlackElo "1889"]

1.e4 c5 2.Nf3 Nc6 3.Bb5 g6 4.c3 Nf6 5.e5 Nd5 6.O-O Bg7 7.d4 Nc7 8.Ba4 O-O
9.Re1 cxd4 10.cxd4 d5 11.Be3 Bg4 12.Nc3 Na5 13.h3 Bxf3 14.Qxf3 a6 15.Rad1 b5
16.Bc2 Nc4 17.Bc1 Qd7 18.Ne2 Ne6 19.Ng3 Rfc8 20.Bb1 Rc6 21.Qg4 Kh8 22.f4 Nf8
23.f5 gxf5 24.Bxf5 e6 25.Nh5 Ng6 26.Bxg6 fxg6 27.Nxg7 Kxg7 28.Rf1 Rcc8 29.Rf6 Re8
30.Rdf1 Rac8 31.Qf4  1-0

[Event "16th ch-Asian Cities Dubai Cup"]
[Site "Beirut LIB"]
[Date "2009.04.19"]
[Round "5"]
[White "Hussein,AH"]
[Black "Sanjay,N"]
[Result "1/2-1/2"]
[WhiteElo "2359"]
[BlackElo "2316"]

1.e4 c5 2.Nf3 Nc6 3.Bb5 g6 4.O-O Bg7 5.Bxc6 dxc6 6.d3 Nf6 7.Nc3 O-O 8.h3 Nd7
9.Be3 e5 10.Nd2 Qe7 11.a4 Rd8 12.f4 exf4 13.Bxf4 Ne5 14.Nf3 c4 15.Nxe5 Bxe5
16.Bxe5 Qxe5 17.Qf3 Be6 18.Rfd1 cxd3 19.Rxd3 Rd4 20.Rad1 Rad8 21.Rxd4 Rxd4
22.Rxd4 Qxd4+ 23.Qf2 Qb4 24.Qxa7 Qxb2 25.Qb8+ Kg7 26.Qe5+ f6 27.Qxe6 Qxc3
28.Qb3 Qc5+ 29.Kf1 b6 30.Qd3 h5 31.g3 Kf7 32.Qd7+ Kf8  1/2-1/2

[Event "7th V.Nabokov Mem"]
[Site "Kyiv UKR"]
[Date "2009.04.20"]
[Round "9"]
[White "Vysochin,S"]
[Black "Nyzhnyk,I"]
[Result "1/2-1/2"]
[WhiteElo "2543"]
[BlackElo "2499"]

1.e4 c5 2.Nf3 Nc6 3.Bb5 d6 4.O-O Bd7 5.c3 a6 6.Ba4 c4 7.Bc2 g6 8.Qe2 b5 9.a4 Bg7
10.d3 cxd3 11.Bxd3 bxa4 12.Rxa4 a5 13.Bb5 Qb6 14.Na3 Nf6 15.Nc4 Qb7 16.Be3 Ng4
17.Nb6 Nxe3 18.Qxe3 O-O 19.c4 Rab8 20.Nxd7 Qxd7 21.Rxa5 Qc7 22.Ra6 Ne5 23.Nxe5 Bxe5
24.Ra7 Rb7 25.Rfa1 Bxb2  1/2-1/2

[Event "ch-AZE U20"]
[Site "Baku AZE"]
[Date "2009.04.21"]
[Round "8"]
[White "Agayev,N"]
[Black "Rahmanov,S"]
[Result "0-1"]
[WhiteElo "2286"]
[BlackElo "2209"]

1.e4 c5 2.Nf3 Nc6 3.Bb5 d6 4.O-O Bg4 5.c3 Nf6 6.h3 Bd7 7.Re1 a6 8.Bf1 e5
9.d4 Be7 10.d5 Na7 11.Nh2 Qc7 12.f4 O-O-O 13.fxe5 dxe5 14.Nd2 Kb8 15.Nc4 Ne8
16.a4 g5 17.Be2 Nc8 18.Be3 Ng7 19.Qd2 h6 20.Nf3 Nd6 21.Nfxe5 Nxe4 22.Qc2 Nd6
23.Nxd7+ Rxd7 24.Ne5 Rdd8 25.Bxa6 Ndf5 26.Qb3 Ka8 27.Qb5 bxa6 28.Qxa6+ Qa7
29.Qxa7+ Kxa7 30.Nc6+ Kb7 31.Nxe7 Nxe7 32.Bxg5 hxg5 33.Rxe7+ Ka6 34.Rxf7 Nh5
35.Rd1 c4 36.d6 Rh6 37.Rd4 Rdxd6 38.Rxc4 Nf4 39.Rcc7 Rd1+ 40.Kf2 Re6 41.Ra7+ Kb6
42.a5+ Kb5 43.Rfb7+ Kc4 44.Rb4+ Kc5 45.Kf3 Rf1+ 46.Kg4 Nd5 47.Rd4 Ne3+ 48.Kh5 Nxg2
49.Kxg5 Re5+ 50.Kh6 Re6+ 51.Kg7 Ne3 52.Rf7 Rg1+ 53.Kf8 Rg5 54.Rb7 Nd5 55.Rxd5+ Rxd5
56.b4+ Kc4 57.Rc7+ Kb3 58.h4 Ka4 59.Kg7 Rh5 60.Rc4 Kb3 61.Rc5 Rxh4 62.b5 Rc4
63.Rxc4 Kxc4 64.b6 Kb5 65.Kf7 Rh6 66.Ke7 Rc6  0-1

[Event "Algimantas Cesnauskas Mem"]
[Site "Panevezys LAT"]
[Date "2009.04.22"]
[Round "4"]
[White "Berzina,I"]
[Black "Akesson,R"]
[Result "1/2-1/2"]
[WhiteElo "2287"]
[BlackElo "2493"]

1.e4 c5 2.Nf3 Nc6 3.Bb5 g6 4.O-O Bg7 5.Re1 e5 6.Bxc6 dxc6 7.d3 Ne7 8.h3 b6
9.Bd2 a5 10.Qc1 h6 11.Nc3 g5 12.Nd1 Ra7 13.Ne3 f6 14.Nh2 h5 15.Qd1 Be6 16.Nhf1 Qd7
17.Ng3 g4 18.h4 Bf8 19.Rf1 Ng6 20.Ngf5 Ne7 21.Ng3 Ng6 22.Ngf5 Ne7  1/2-1/2

[Event "XXII Open"]
[Site "Benidorm ESP"]
[Date "2009.04.26"]
[Round "3"]
[White "Rivas Pastor,M"]
[Black "Stokke,K"]
[Result "1/2-1/2"]
[WhiteElo "2535"]
[BlackElo "2323"]

1.e4 c5 2.Nf3 Nc6 3.Bb5 d6 4.O-O Bd7 5.Re1 Nf6 6.h3 g6 7.c3 Ne5 8.Bxd7+ Nfxd7
9.Nxe5 dxe5 10.d3 Bg7 11.Be3 O-O 12.a4 Qc7 13.Na3 Rfd8 14.Nc4 Nf8 15.b4 cxb4
16.cxb4 Qd7 17.Ra3 Ne6 18.b5 Rac8 19.Rc3 Nd4 20.Qb1 b6 21.Qb2 e6 22.Rec1 Rc5
23.Ra3 Bf8 24.Raa1 f6 25.Kf1 Rcc8 26.Bxd4 Qxd4 27.Qxd4 Rxd4 28.Ke2 Rcd8 29.Rc3 Bc5
30.f3 R4d7 31.Rb3 Bd4 32.Ra2 Rb8 33.Rb1 Rdb7 34.Rc2 Rc7 35.Rbc1 Rbc8 36.g3 Kf8
37.f4 Ke7 38.fxe5 Bxe5 39.g4 Bd4 40.Ne3 Rxc2+ 41.Rxc2 Rc5 42.Rxc5 Bxc5 43.Nc2 e5
44.Kd2 Ke6 45.Kc3 f5 46.gxf5+ gxf5 47.Kc4 f4 48.Ne1 Bd4 49.Nf3 Bb2 50.Kb3 Ba1
51.Kc2 h6 52.Nd2 Bd4 53.Nf3 Ba1 54.Nd2 Bd4 55.Nf3  1/2-1/2

[Event "NK Jeugd A"]
[Site "Venlo NED"]
[Date "2009.04.28"]
[Round "5"]
[White "Bok,B"]
[Black "Kuipers,S"]
[Result "1-0"]
[WhiteElo "2346"]
[BlackElo "2343"]

1.e4 c5 2.Nf3 Nc6 3.Bb5 g6 4.O-O Bg7 5.Re1 e5 6.b4 Nxb4 7.Bb2 Qc7 8.c3 Nc6
9.d4 d6 10.d5 a6 11.Na3 Ke7 12.Bf1 Nb8 13.Nc4 b5 14.Ne3 c4 15.a4 Bb7 16.axb5 axb5
17.Rxa8 Bxa8 18.Ba3 Na6 19.Qb1 Qd7 20.Bxc4 bxc4 21.Nxc4 Nc5 22.Bxc5 dxc5
23.Qb6 Qc8 24.Ra1 Nf6 25.Ra7+ Nd7 26.Qd6+ Ke8 27.Nb6 Nxb6 28.Qe7+  1-0

[Event "2nd Mayors Cup"]
[Site "Mumbai IND"]
[Date "2009.05.02"]
[Round "2"]
[White "Areshchenko,A"]
[Black "Preethi,R"]
[Result "1-0"]
[WhiteElo "2657"]
[BlackElo "2154"]

1.e4 c5 2.Nf3 Nc6 3.Bb5 g6 4.O-O Bg7 5.Re1 Nf6 6.e5 Nd5 7.Nc3 Nc7 8.Bxc6 dxc6
9.Ne4 b6 10.Nf6+ Kf8 11.Ne4 h6 12.d3 Kg8 13.h3 Be6 14.b3 Nd5 15.c4 Nb4 16.Re3 Qc7
17.Bb2 Rd8 18.a3 Na6 19.Qe2 Kh7 20.Re1 Qc8 21.Nh4 Nc7 22.f4 Bf5 23.Nxf5 Qxf5
24.g4 Qd7 25.f5 gxf5 26.gxf5 Qxf5 27.Rf1 Qe6 28.Nf6+  1-0

[Event "2nd Mayors Cup"]
[Site "Mumbai IND"]
[Date "2009.05.02"]
[Round "2"]
[White "Areshchenko,A"]
[Black "Preethi,R"]
[Result "1-0"]
[WhiteElo "2657"]
[BlackElo "2154"]

1.e4 c5 2.Nf3 Nc6 3.Bb5 g6 4.O-O Bg7 5.Re1 Nf6 6.e5 Nd5 7.Nc3 Nc7 8.Bxc6 dxc6
9.Ne4 b6 10.Nf6+ Kf8 11.Ne4 h6 12.d3 Kg8 13.h3 Be6 14.b3 Nd5 15.c4 Nb4 16.Re3 Qc7
17.Bb2 Rd8 18.a3 Na6 19.Qe2 Kh7 20.Re1 Qc8 21.Nh4 Nc7 22.f4 Bf5 23.Nxf5 Qxf5
24.g4 Qd7 25.f5  1-0

[Event "IV Tch-ESP Selecciones Autonomicas"]
[Site "Villava ESP"]
[Date "2009.05.02"]
[Round "5"]
[White "Almagro Llamas,P"]
[Black "Fernandez Molina,V"]
[Result "1-0"]
[WhiteElo "2479"]
[BlackElo "1906"]

1.e4 c5 2.Nf3 Nc6 3.Bb5 d6 4.Bxc6+ bxc6 5.O-O Nf6 6.Re1 Bg4 7.h3 Bh5 8.d3 e6
9.Nbd2 Be7 10.Nf1 O-O 11.Ng3 Bg6 12.e5 Nd5 13.Qe2 Rb8 14.b3 Qc7 15.Bb2 Rfe8
16.Ne4 Rbd8 17.exd6 Bxd6 18.Nxd6 Qxd6 19.Ne5 f6 20.Nxg6 hxg6 21.h4 Kf7 22.g3 Rh8
23.Qf3 Rh5 24.Re4 Rdh8 25.Rae1 Nc7 26.Be5 Rxe5 27.Rxe5  1-0

[Event "FIDE Open"]
[Site "Ostrava CZE"]
[Date "2009.05.03"]
[Round "2"]
[White "Warakomski,T"]
[Black "Zwardon,V"]
[Result "1-0"]
[WhiteElo "2488"]
[BlackElo "2231"]

1.e4 c5 2.Nf3 Nc6 3.Bb5 g6 4.Bxc6 dxc6 5.d3 Bg7 6.h3 Nf6 7.Nc3 O-O 8.Be3 b6
9.Qd2 e5 10.Bh6 Qd6 11.Bxg7 Kxg7 12.O-O-O Be6 13.Ne2 a5 14.Kb1 a4 15.Ng5 a3
16.b3 Rad8 17.Qc1 Ra8 18.g3 h6 19.Nxe6+ fxe6 20.f4 Nh5 21.Rdf1 b5 22.Qd2 c4
23.Qc3 cxd3 24.cxd3 Rad8 25.Kc2 Kh7 26.fxe5 Qe7 27.g4 Ng7 28.b4 Qg5 29.d4 h5
30.Qg3 Kg8 31.gxh5 Qxh5 32.Qg4 Qh6 33.Kd3 g5 34.Rfg1 Rd7 35.h4 gxh4 36.Rxh4 Rf3+
37.Kc2 Qe3 38.Qxe6+ Rff7 39.Qe8+ Rf8 40.Rh8+  1-0

[Event "31st Banicky kahanec"]
[Site "Prievidza SVK"]
[Date "2009.05.03"]
[Round "2"]
[White "Bartel,Mat"]
[Black "Markos,J"]
[Result "1/2-1/2"]
[WhiteElo "2601"]
[BlackElo "2571"]

1.e4 c5 2.Nf3 Nc6 3.Bb5 d6 4.O-O Bd7 5.Re1 Nf6 6.c3 a6 7.Ba4 b5 8.Bc2 g6
9.d4 cxd4 10.cxd4 Bg7 11.h3 O-O 12.Nc3 Rc8 13.Bg5 h6 14.Bf4 e5 15.dxe5 Nh5
16.Be3 Nxe5 17.Nxe5 Bxe5 18.Bxh6 Qh4 19.Bxf8 Qf4 20.Bh6 Qh2+ 21.Kf1 Bf4 22.Nd5 Bxh6
23.Bb3 b4 24.Ba4 Be6 25.Qf3 Bxd5 26.exd5 Qh1+ 27.Ke2 Nf4+ 28.Kd1 Qh2 29.Bc6 Nxg2
30.Re7 Bf4 31.Kc2 Nh4 32.Qe2 Nf5 33.Re4 Be5 34.Rd1 Qxh3 35.Qxa6 Rb8 36.Qd3 Qh8
37.Rde1 b3+ 38.axb3 Nd4+ 39.Kb1 Rxb3 40.Qc4 Nf3 41.R4e2 Rb8 42.Rd1 Bxb2 43.Re8+ Rxe8
44.Bxe8 Be5 45.Bd7 Qf6 46.Ka2 Kg7 47.Ba4 Nd4 48.Rd2 Qf4 49.Rb2 Bf6 50.Bd1 Qe5
51.Rd2 Nb5 52.Kb3 Qa1 53.Kb4 Nc3 54.Bb3 Qe1 55.Rc2 Ne2+ 56.Ka3 Nd4 57.Ra2 Qa5+
58.Ba4 Qa7 59.Rd2 Nf3 60.Rc2 Nd4 61.Rd2 Qb6 62.Rb2 Qa5 63.Rb4 Qa7  1/2-1/2

[Event "IV Tch-ESP Selecciones Autonomicas"]
[Site "Villava ESP"]
[Date "2009.05.03"]
[Round "6"]
[White "Almagro Llamas,P"]
[Black "Illescas Cordoba,M"]
[Result "0-1"]
[WhiteElo "2479"]
[BlackElo "2592"]

1.e4 c5 2.Nf3 Nc6 3.Bb5 e6 4.Bxc6 bxc6 5.O-O Ne7 6.Re1 Ng6 7.c3 d5 8.d3 Bd6
9.c4 O-O 10.Nc3 d4 11.Ne2 f5 12.exf5 exf5 13.b4 f4 14.bxc5 Bxc5 15.h3 Bb4
16.Bd2 Bxd2 17.Qxd2 c5 18.Kh2 Rb8 19.Rab1 Rb6 20.Neg1 Qd6 21.a4 Ra6 22.a5 Qc7
23.Ra1 h6 24.Kh1 Bf5 25.Reb1 Rb8 26.Rb5 Bd7 27.Rxb8+ Qxb8 28.Qe2 Bf5 29.Ne1 Re6
30.Qh5 Rf6 31.Qe2 Kh7 32.Ngf3 Re6 33.Qa2 Qe8 34.Qa3 Qe7 35.Rb1 Re2 36.Kg1 Nh4
37.Rd1 Bc8 38.Kf1 Rxf2+ 39.Kxf2 Qe3+ 40.Kf1 Nf5 41.g4 Ng3+ 42.Kg2 Qe2+  0-1

[Event "2nd Mayors Cup"]
[Site "Mumbai IND"]
[Date "2009.05.05"]
[Round "6"]
[White "Shyam,SM"]
[Black "Padmini,R"]
[Result "1-0"]
[WhiteElo "2424"]
[BlackElo "2238"]

1.e4 c5 2.Nf3 Nc6 3.Bb5 d6 4.d4 cxd4 5.Qxd4 Bd7 6.Bxc6 Bxc6 7.Nc3 e5 8.Qc4 Be7
9.Be3 Nf6 10.O-O-O Qc8 11.Qd3 O-O 12.Bg5 Rd8 13.Kb1 b5 14.Bxf6 Bxf6 15.Nd5 Bxd5
16.exd5 Qc5 17.Nd2 Be7 18.g4 Rac8 19.Ne4 Qc4 20.b3 Qxd3 21.Rxd3 g6 22.g5 Kg7
23.Rc1 h6 24.h4 f5 25.gxf6+ Bxf6 26.Rh3 Be7 27.h5 Rf8 28.Rg3 g5 29.c4 Rf4
30.Re3 b4 31.c5 dxc5 32.d6 Bf8 33.Nxc5 Kf7 34.Nd3 Rxc1+ 35.Kxc1 Bxd6 36.Nxf4 gxf4
37.Rd3 Bc5 38.f3 Kf6 39.Rd5 Bd4 40.Rb5 Kg5 41.Rxb4 Kxh5 42.Kd1 Kh4 43.Ke2 h5
44.Rb8 Kg5 45.Kf1 Kf5 46.Rf8+ Kg5 47.b4 h4 48.Kg2 Bc3 49.b5 Ba5 50.Kh3 Bb4
51.Re8 Bc3 52.a4 Bd4 53.a5 Kf6 54.b6 axb6 55.a6 b5 56.Ra8 e4 57.fxe4 Ke5
58.Re8+ Kf6 59.Kxh4 Ba7 60.Kg4 b4 61.Ra8 Be3 62.a7 Kg7 63.Rb8 Bxa7 64.Rb7+  1-0